Vista normal
Vista MARC
Entrada Nombre personal
Número de registros utilizados en: 1
001 - NÚMERO DE CONTROL
- Campo de control: 36036
003 - IDENTIFICADOR DE NÚMERO DE CONTROL
- Campo de control: OSt
005 - FECHA Y HORA DE LA ULTIMA MODIFICACION
- Campo de control: 20150902170148.0
008 - ELEMENTOS DE DATOS DE LONGITUD FIJA
- Campo de longitud fija: 150902|| aca||aabn | a|a d
040 ## - FUENTE DE LA CATALOGACIÓN
- Agencia original de catalogación: OSt
100 1# - ENCABEZAMIENTO--NOMBRE DE PERSONA
- Nombre personal: Méndez Albeño, Luis Armando
400 1# - TRAZADO VEÁSE--NOMBRE DE PERSONA
- Nombre personal: Méndez, Armando
400 1# - TRAZADO VEÁSE--NOMBRE DE PERSONA
- Nombre personal: Albeño, Luis
670 ## - FUENTE DE DATOS ENCONTRADOS
- Fuente de citación: Pasantía, Compañia azucarera salvadoreña S.A. de C.V. "CASSA de C.V."
670 ## - FUENTE DE DATOS ENCONTRADOS
- Fuente de citación: BMC -02-09-2015